| 000 | 012870000a22003130004500 | ||
|---|---|---|---|
| 001 | 62928 | ||
| 010 | _a978-972-0-72698-8 | ||
| 021 |
_aPT _b372493/14 |
||
| 100 | _a20151202d2014 d||y0pory5003 ba | ||
| 101 | 0 | _apor | |
| 102 | _aPT | ||
| 200 | 1 |
_aAli Babá e os quarenta ladrões _fadapt. Luc Lefort; adapt. para a língua Portuguesa António Pescada _gilust. Daniele Fabri |
|
| 210 |
_aPorto _cPorto ed. _dreimp. 2019 |
||
| 215 |
_a78, [1] p. _cil. _d20 cm |
||
| 225 | 2 | _aEducação literária | |
| 300 | _aLeitura recomendada para o 6º ano | ||
| 304 | _atítulo original: Ali Baba et les quarante voleurs | ||
| 606 |
_aLiteratura infantojuvenil _xConto |
||
| 675 |
_a82-34 _vBN _zpor |
||
| 702 | 1 |
_927274 _4010 _aLefort _bLuc |
|
| 702 |
_918636 _4440 _aFabbri _bDaniele |
||
| 702 |
_936280 _4730 _aPescada _bAntónio _f1938- |
||
| 801 |
_aPT _c20151202 |
||
| 856 |
_uhttp://www.bedetheque.com/auteur-9127-BD-Lefort-Luc.html _zMais informação |
||
| 859 |
_uhttp://images.portoeditora.pt/getresourcesservlet/image?EBbDj3QnkSUjgBOkfaUbsKIiGhhTnv74wHCxfUMk1OgYpxislULFyuQmUG%2FMgAqJ&width=175 _zcapa |
||
| 090 | _a62928 | ||
| 942 |
_cMON _n0 |
||
| 999 | _a52302 | ||